Hukuk bürosu yönetimi (Record no. 10183)

MARC details
000 -BAŞLIK
Sabit Uzunlukta Kontrol Alanı 00827na a2200277 4500
001 - KONTROL NUMARASI
Denetim Alanı 17572
003 - KONTROL NUMARASI IDENTIFIER
Denetim Alanı MIRAKIL
005 - SON İŞLEM TARİHİ VE ZAMANI
Denetim Alanı 20181213155310.0
008 - SABİT-BOY VERİ ELEMANLARI - GENEL BİLGİLER
Sabit Uzunlukta Kontrol Alanı 161029b tu 000 0
020 ## - ULUSLARARASI STANDART KİTAP NUMARASI
Uluslararası Standart Kitap Numarası 9786053993445
035 ## - SİSTEM KONTROL NUMARASI
Sistem Kontrol Numarası 17572
040 ## - KATALOGLAMA KAYNAK
Orijinal Kataloglama Ajansı Milas
Kataloglama Dili tur
Metne Dönüştürmek Ajansı TR-AnCHP
041 ## - DİL KODU
Metin / Ses Parça Veya Ayrı Başlığın Dil Kodu tur
082 ## - DEWEY ONLU SINIFLANDIRMA NUMARASI
Sınıflandırma Numarası 340
Ürün Numarası E62h 2014
090 ## - SINIFLAMA NUMARASI
Sınıflama Numarası 340 E62h 2014
100 ## - ANA GİRİŞ - KİŞİSEL İSİM
Kişisel Ad Eraksoy, Reşat
245 ## - BAŞLIK TABLOSU
Başlık Hukuk bürosu yönetimi
Başlığın Kalan temel ilkeler ve uygulamalar
Sorumluluk Tablosu, Vb Reşat Eraksoy
246 ## - UNVAN FORM VARYING
Başlık Doğru / Kısa Başlığı temel ilkeler ve uygulamalar
260 ## - YAYIN, DAĞITIM, VB
Yayın, Dağıtım, Vb Yeri İstanbul
Yayıncı, Dağıtıcı, Vs Adı İstanbul Bilgi Üniversitesi Yayınları
Yayın, Dağıtım, Vb Tarihi 2014
300 ## - FİZİKSEL TANIM
Kapsam xxv, 548 s.
Diğer Fiziksel Ayrıntıları tbl. , şkl.
Boyutlar 23 sm.
440 ## - SERİSİ TABLOSU / KATMA GİRİŞİ - BAŞLIK
Başlık İstanbul Bilgi Üniversitesi yayınları
Hacim / Ardışık Tanımı 469
490 ## - SERİSİ TABLOSU
Seri Beyanı Hukuk
Hacim / Ardışık Tanımı 20
504 ## - KAYNAKÇA VB NOT
Kaynakça Vb Notu Kaynakça ve dizin var.
650 ## - KONU KATMA GİRİŞ - TOPİKAL DÖNEM
Topikal Süreli Veya Coğrafi Ad Giriş Elemanı Hukuk bürosu
Genel Alt Bölümü Yönetim
942 ## - EKLENDİ GİRİŞ ELEMANLARI (KOHA)
Sınıflandırma Veya Raf Düzeni Kaynak Dewey Decimal Classification
Koha Öğesi Türü Books
999 ## - SİSTEM KONTROL NUMARALARI (KOHA)
Koha Biblionumber 10183
Koha Biblioitemnumber 10183
Holdings
Kalıcı Konum Mevcut Konum Edinme Tarihi Edinim Kaynak Toplam Check-Out'Lar Tam Çağrı Numarası Barkod Tarih Son Görülme İtibaren Geçerli Fiyatlar Koha Öğesi Türü
CHP Kütüphanesi CHP Kütüphanesi 10/29/2016 Bağış   340 E62h 2014 008209 10/29/2016 10/29/2016 Books